000
00212 a2200109 4500
020
_a
9780771541476
041
_a
eng
100
_a
Lalie Harcourt
245
_a
The singing Skateboard
942
_c
BK
952
_7
1
999
_c
18800
_d
18800